00346nam a2200133 450000500170000010000240001724500350004126400240007630000180010050000240011833600220014233700240016433800240018820260530113842.01 aCarlos Rodriguez R.10aManual de Auto-Construcción  1bEditorial Paxc2005 a200 páginas aLibro de Referencia atexto2rdacontent asin medio2rdamedia avolumen2rdacarrier